| 000 | 01263nam0a22003131 4500 | ||
|---|---|---|---|
| 001 | rc\4777655 | ||
| 005 | 20260407074213.0 | ||
| 021 |
_aRU _b[69-3585] |
||
| 035 | _a(NLR Aleph) 009026933 | ||
| 090 |
_a9464207 _c9464207 |
||
| 100 | _a20130417d1968 |||y0rusy50 ca | ||
| 101 | 0 | _arus | |
| 102 | _aRU | ||
| 105 | _aa z |||c| | ||
| 200 | 1 |
_aОчерки истории кабардинской литературы _fКабард.-Балкар. науч.-исслед. ин-т при Совете Министров КБАССР |
|
| 210 |
_aНальчик _cЭльбрус _d1968 |
||
| 215 |
_a302 с. _cил. _d22 |
||
| 300 | _aНа обороте тит. л. авт.: Л.Н. Кашежева, З.М. Налоев, Э.Т. Мальбахов и др. | ||
| 320 | _aБиблиогр.: с. 295-301 | ||
| 606 |
_aКабардинская литература _xИстория _2psbo |
||
| 701 | 1 |
_aНалоев _bЗ.М. |
|
| 701 | 1 |
_aМальбахов _bЭ.Т. |
|
| 701 | 1 |
_aКашежева _bЛ.Н. _gЛюдмила Нартовна |
|
| 712 | 0 | 2 |
_aКабардино-Балкарский НИИ _cНальчик _3RU\NLR\AUTH\8810038223 _9575287 |
| 801 | 0 |
_aRU _bNLR _gpsbo |
|
| 801 | 1 |
_aRU _bELAR _2rusmarc |
|
| 852 |
_aNLR _j69-5/968 |
||
| 942 | _cBOOK | ||
| 980 | _aNB | ||